000
00188nam a2200085 4500
001
1255923
005
20251216141444.0
245
_a
BİLGİN KİVİ
_c
ROBERT ALLEN
260
_b
TİMAŞ YAYINLARI
999
_c
1255923
_d
1255923